000 00455nam a2200133 a 4500
008 120416s9999 ||||||||||||||||| || u
050 _aTHESIS
100 _aMoonga, Brian Manguza
245 1 0 _aPerformance appraisal in service industries
246 _aa case of Zesco limited, Kitwe
260 _a2004
350 _a0.00
995 _D0.00
_FCBU-MAIN LIBRARY (Kitwe)
_H1
_I0.00
_UAVAILABLE
_ZUniversity Collection
999 _c53339
_d53339